000 00588nam a22002057a 4500
003 OSt
005 20150306155216.0
008 150306b xxu||||| |||| 00| 0 eng d
020 _a044306380x
040 _cDNLM
082 _aWL 704 C762a 2003
100 _aO'Connor Therese
_93196
245 _aAtlas of pain injection techniques /
_cTherese O'Connor and Stephene Abram
260 _alondon:
_bChurchill Livingstone;
_c2003.
300 _avii,141 p :
_bill,
_c28 cm.
504 _aincludes index
650 _aPain Injection
_93197
700 _aStephen Abram
_93198
942 _2z
_cSLOAN
999 _c1170
_d1170